[Event "Gibraltar Challengers-A 11th"]
[Site "Caleta"]
[Date "2013.01.23"]
[Round "3"]
[White "Pena Riasco, Alexander"]
[Black "Sanchez Botella, Luis Javier"]
[Result "0-1"]
[WhiteElo "2176"]
[BlackElo "2208"]
[PlyCount "62"]
[EventDate "2013.01.21"]
[EventType "swiss"]
[EventRounds "5"]
[EventCountry "GGB"]
[SourceTitle "EXT 2014"]
[Source "ChessBase"]
[SourceDate "2013.11.20"]
[SourceVersion "1"]
[SourceVersionDate "2013.11.20"]
[SourceQuality "1"]

1. e4 c5 2. Nf3 e6 3. d4 cxd4 4. Nxd4 Nc6 5. Nb5 d6 6. c4 Nf6 7. N1c3 a6 8. Nd4 Be7 9. Be2 0-0 10. 0-0 Qc7 11. Be3 Ne5 12. Rc1 b6 13. f4 Ned7 14. Bf3 Bb7 15. f5 e5 16. Nd5 Qd8 17. Ne2 Nxd5 18. cxd5 Rc8 19. Qd2 b5 20. Rxc8 Qxc8 21. Rc1 Qb8 22. Rc2 Rc8 23. Nc1 Bd8 24. Nd3 Rxc2 25. Qxc2 Bb6 26. Bxb6 Nxb6 27. Nf2 Qc8 28. Qxc8+ Bxc8 29. b3 Kf8 30. Kf1 Ke7 31. Ke2 Nd7 0-1

[Event "San Pedro del Pinatar 4th"]
[Site "San Pedro del Pinatar"]
[Date "2013.01.12"]
[Round "5.1"]
[White "Sanchez Botella, Luis Javier"]
[Black "Moreno Valle, Agustin"]
[Result "1-0"]
[WhiteElo "2196"]
[BlackElo "2046"]
[PlyCount "145"]
[EventDate "2013.01.11"]
[EventType "swiss"]
[EventRounds "7"]
[EventCountry "ESP"]
[SourceTitle "EXT 2024"]
[Source "ChessBase"]
[SourceDate "2023.10.10"]
[SourceVersion "1"]
[SourceVersionDate "2023.10.10"]
[SourceQuality "1"]

1. d4 d5 2. c4 e6 3. Nf3 Nf6 4. Nc3 c6 5. Bg5 Be7 6. e3 0-0 7. Qc2 Nbd7 8. Rd1 b6 9. cxd5 exd5 10. Bd3 Bb7 11. 0-0 h6 12. Bh4 Re8 13. a3 Bd6 14. b4 a5 15. b5 c5 16. dxc5 Bxc5 17. a4 Qc7 18. Rc1 Ne4 19. Ne2 Rac8 20. Bg3 Nxg3 21. Nxg3 Qd6 22. Nf5 Qf6 23. Qa2 Bf8 24. N5d4 Nc5 25. Bc2 Bd6 26. Bb3 Nd3 27. Rcd1 Nb4 28. Qd2 Red8 29. Rc1 Bc5 30. Bd1 Rd7 31. Be2 Rdc7 32. Nb3 Be7 33. Nfd4 g6 34. Bg4 Rxc1 35. Nxc1 Rc4 36. Be2 Rc7 37. Rd1 Qd6 38. Ncb3 Qd8 39. f4 Qe8 40. Rf1 Bf6 41. Bf3 Bc8 42. Rc1 Rxc1+ 43. Qxc1 Bd7 44. Qd2 Qc8 45. Kf2 Qc4 46. Be2 Qc8 47. g3 Kf8 48. h4 h5 49. Na1 Qd8 50. Nac2 Nxc2 51. Nxc2 Bc8 52. Bf3 Be6 53. Nd4 Qd6 54. Qc3 Bd8 55. Nxe6+ fxe6 56. Qh8+ Kf7 57. Qh7+ Kf6 58. Be2 Qe7 59. Qh8+ Kf7 60. Bd3 Qf6 61. Qh7+ Qg7 62. Bxg6+ Kf6 63. Qxg7+ Kxg7 64. Bxh5 Bf6 65. Bd1 Kh6 66. Kg2 Kg6 67. Kh3 Bc3 68. Bc2+ Kh6 69. Kg4 Bb2 70. Kf3 Kh5 71. Bh7 e5 72. f5 Bc3 73. Bg6+ 1-0

[Event "Albacete op U2300 1st"]
[Site "Albacete"]
[Date "2012.04.27"]
[Round "1"]
[White "Sanchez Botella, Luis Javier"]
[Black "Salvado Obrero, Ivan"]
[Result "1-0"]
[WhiteElo "2241"]
[BlackElo "1906"]
[PlyCount "59"]
[EventDate "2012.04.27"]
[EventType "swiss"]
[EventRounds "9"]
[EventCountry "ESP"]
[SourceTitle "EXT 2014"]
[Source "ChessBase"]
[SourceDate "2013.11.20"]
[SourceVersion "1"]
[SourceVersionDate "2013.11.20"]
[SourceQuality "1"]

1. d4 Nf6 2. c4 e6 3. Nf3 b6 4. g3 Ba6 5. b3 Bb4+ 6. Bd2 Be7 7. Nc3 c6 8. e4 d5 9. e5 Nfd7 10. cxd5 cxd5 11. Nb5 Bxb5 12. Bxb5 a6 13. Bd3 Nc6 14. Rc1 Nb4 15. Bb1 Rc8 16. 0-0 0-0 17. Re1 Rxc1 18. Bxc1 Qc7 19. a3 Nc6 20. Qd3 g6 21. h4 Ra8 22. h5 Nf8 23. Kg2 Ra7 24. Rh1 Bd8 25. Ng5 Na5 26. hxg6 fxg6 27. Nxh7 Nxh7 28. Qxg6+ Qg7 29. Qxe6+ Qf7 30. Bxh7+ 1-0

[Event "Benidorm op U2300 10th"]
[Site "Benidorm"]
[Date "2011.12.08"]
[Round "8"]
[White "Barbero Sendic, Alejandro"]
[Black "Sanchez Botella, Luis Javier"]
[Result "0-1"]
[WhiteElo "2269"]
[BlackElo "2221"]
[PlyCount "212"]
[EventDate "2011.12.02"]
[EventType "swiss"]
[EventRounds "10"]
[EventCountry "ESP"]
[SourceTitle "CBM 145 Extra"]
[Source "ChessBase"]
[SourceDate "2012.01.03"]
[SourceVersion "1"]
[SourceVersionDate "2012.01.03"]
[SourceQuality "1"]

1. e4 c5 2. Nf3 e6 3. d4 cxd4 4. Nxd4 a6 5. Nc3 Qc7 6. Bd3 Nf6 7. f4 d6 8. Qf3 Be7 9. g4 Nc6 10. Nb3 b5 11. Be3 Nd7 12. 0-0 0-0 13. g5 g6 14. a3 Re8 15. Qf2 Bf8 16. Qh4 Bg7 17. Rf3 Qd8 18. Rh3 h5 19. Rf1 b4 20. Nd1 bxa3 21. bxa3 Na5 22. Be2 Nxb3 23. cxb3 Nc5 24. Bxc5 dxc5 25. e5 Bb7 26. Bf3 Rb8 27. Bxb7 Rxb7 28. Nb2 c4 29. Nxc4 Bf8 30. Qg3 Bc5+ 31. Kg2 a5 32. Qf3 Rd7 33. Qc6 Rd5 34. Rhf3 Qe7 35. a4 Bb4 36. R1f2 Red8 37. Qa6 Qc5 38. Qb6 Qe7 39. Rc2 Kg7 40. Ne3 Rd3 41. Rc7 R8d7 42. Rxd7 Qxd7 43. Qb5 Rd2+ 44. Rf2 Qd4 45. Rxd2 Bxd2 46. Nc4 Bxf4 47. Qb7 Bxg5 48. Qf3 Be7 49. Kh3 f5 50. exf6+ Bxf6 51. Kg2 Qc5 52. Qb7+ Kh6 53. Qf3 Bd4 54. h4 Bg7 55. Nd2 Qc2 56. Qf4+ Kh7 57. Kh2 Qd1 58. Kg2 Qe2+ 59. Kh3 e5 60. Qg5 e4 61. Qf4 Qd3+ 62. Kg2 Qe2+ 63. Kh3 Qd3+ 64. Kg2 e3 65. Nf3 Qe2+ 66. Kh3 Qf1+ 67. Kg3 Qf2+ 68. Kh3 Kg8 69. Qe4 Qf1+ 70. Kg3 Qf2+ 71. Kh3 Qf1+ 72. Kg3 e2 73. Qe8+ Kh7 74. Ng5+ Kh6 75. Nf3 Kh7 76. Ng5+ Kh6 77. Nf3 Bf6 78. Qf8+ Bg7 79. Qe7 Bf6 80. Qf8+ Kh7 81. Qf7+ Bg7 82. Qe7 Kg8 83. Qe8+ Bf8 84. Qe6+ Kg7 85. Qe5+ Kg8 86. Qe8 e1Q+ 87. Nxe1 Qf7 88. Qxf7+ Kxf7 89. Kf4 Be7 90. Nf3 Ke6 91. Ke4 Bf6 92. Kf4 Kd5 93. Ng5 Be5+ 94. Ke3 Bg3 95. Kd3 Bxh4 96. Ne4 Be7 97. Nd2 g5 98. Nc4 Bd8 99. Ne3+ Ke5 100. Ke2 Ke4 101. Nc2 h4 102. b4 h3 103. Kf2 g4 104. bxa5 Bxa5 105. Kg3 Bc7+ 106. Kf2 g3+ 0-1